[Event "Ch Finland (team) 2000/01"]
[Site "masterchessopen.com - Finland"]
[Round "7"]
[White "Halmeenmaki Tuomo (FIN)"]
[Black "Lahtinen Markku (FIN)"]
[Result "0-1"]
[WhiteElo "2190"]
[BlackElo "2257"]

1.d4 Nf6 2.c4 e6 3.g3 c5 4.d5 exd5 5.cxd5 d6 6.Bg2 g6 7.Nc3 Bg7 8.Nf3 O-O
9.O-O a6 10.a4 Nbd7 11.Nd2 Re8 12.h3 Rb8 13.a5 Nh5 14.e4 Ne5 15.Kh2 Bd7 16.f4
f5 17.exf5 Nf7 18.fxg6 hxg6 19.Nde4 b5 20.axb6 Rxb6 21.Qd3 Qc8 22.g4 Nf6
23.Nxf6+ Bxf6 24.Qxg6+ Bg7 25.Ne4 Qd8 26.Ng3 Nh8 27.Qc2 Bb5 28.Rd1 Nf7 29.Ra3
Nh6 30.Qg6 Re7 31.Nh5 Be8 32.Nf6+ Kf8 33.Nh7+ Kg8 34.Nf6+ Kf8 35.Nxe8 Rxe8
36.g5 Nf7 37.Qf5 Kg8 38.h4 Re2 39.Qd3 Qe7 {#R} 0-1

[Event "Tournament (IECG)"]
[Site "masterchessopen.com - Internet"]
[Round "0"]
[White "Bauk Slavko (MNE)"]
[Black "Spiridonov Nikola (BUL)"]
[Result "0-1"]
[WhiteElo "2295"]
[BlackElo "2369"]

1.d4 Nf6 2.c4 c5 3.d5 e6 4.Nc3 exd5 5.cxd5 d6 6.Nf3 g6 7.g3 Bg7 8.Bg2 O-O
9.O-O a6 10.a4 Nbd7 11.Nd2 Re8 12.a5 b5 13.axb6 Nxb6 14.e4 Rb8 15.Qc2 Nfd7
16.f4 c4 17.Ncb1 Nc5 18.Na3 f5 19.Naxc4 fxe4 20.Nxb6 Qxb6 21.Nc4 Qc7 22.Re1
Nb3 23.Ra3 Nd4 24.Qa4 Bd7 {#R} 0-1

[Event "Ch Russia (1/2 final)"]
[Site "masterchessopen.com - Krasnodar (Russia)"]
[Round "0"]
[White "Shaginjan Armen (RUS)"]
[Black "Markarov Arsen (RUS)"]
[Result "0-1"]
[WhiteElo "2290"]
[BlackElo "2317"]

1.d4 Nf6 2.c4 e6 3.Nf3 c5 4.d5 exd5 5.cxd5 d6 6.Nc3 g6 7.g3 Bg7 8.Bg2 O-O
9.O-O a6 10.a4 Re8 11.Nd2 Nbd7 12.h3 Rb8 13.Nc4 Ne5 14.Na3 Nh5 15.e4 Bd7 16.g4
b5 17.axb5 axb5 18.Naxb5 Bxb5 19.Nxb5 Rxb5 20.gxh5 Qb6 21.Ra4 Rb3 22.Ra6 Qxa6
23.Qxb3 Nd3 24.Bd2 Bxb2 25.Bc3 Bxc3 26.Qxc3 Nf4 27.Bf3 Nxh3+ 28.Kg2 Nf4+
29.Kg1 Ne2+ 30.Bxe2 Qxe2 31.hxg6 hxg6 32.f3 Re5 33.Qc1 f6 34.Rf2 Rg5+ 35.Qxg5
Qd1+ {#R} 0-1

[Event "It (open)"]
[Site "masterchessopen.com - Ljubljana (Slovenia)"]
[Round "2"]
[White "Rodman Franc (SLO)"]
[Black "Gombac Jan (SLO)"]
[Result "1-0"]
[WhiteElo "2220"]
[BlackElo "2224"]

1.d4 Nf6 2.c4 g6 3.g3 c5 4.d5 Bg7 5.Nc3 O-O 6.Bg2 d6 7.Nf3 e6 8.O-O exd5
9.cxd5 a6 10.a4 Nbd7 11.Nd2 Re8 12.Nc4 Nb6 13.Na3 Bd7 14.Bd2 Nxa4 15.Nxa4 b5
16.b4 bxa4 17.bxc5 dxc5 18.Bc3 Bb5 19.Re1 Ne4 20.Bxg7 Kxg7 21.e3 Qd6 22.f3 Nc3
23.Qd2 Qe5 24.Rac1 Ne2+ 25.Rxe2 Bxe2 26.Qxe2 Qxe3+ 27.Qxe3 Rxe3 28.Nc4 Rb3
29.Ra1 Rb4 30.Bf1 Rd8 31.d6 Kf6 32.f4 h6 33.Kf2 g5 34.Kf3 gxf4 35.gxf4 Rb3+
36.Ke4 a3 37.Kd5 Rf3 38.Kc6 Rxf4 39.Kc7 Rg8 40.Nb6 Rf2 41.Bxa6 a2 42.Bc4 Rxh2
43.Bxa2 h5 44.Bd5 Rh3 45.Nd7+ Kf5 46.Rf1+ {#r} 1-0

[Event "Memorial Crespi"]
[Site "masterchessopen.com - Milan (Italy)"]
[Round "2"]
[White "De Santis Alessio (ITA)"]
[Black "Tramalloni Luca (ITA)"]
[Result "1-0"]
[WhiteElo "2345"]
[BlackElo "2101"]

1.d4 Nf6 2.c4 e6 3.g3 c5 4.d5 exd5 5.cxd5 g6 6.Bg2 d6 7.Nc3 Bg7 8.Nf3 O-O
9.O-O a6 10.a4 Nbd7 11.Nd2 Re8 12.h3 Nh5 13.Nde4 Ndf6 14.Nd2 Nd7 15.Nde4 Ndf6
16.g4 Nxe4 17.Nxe4 f5 18.Nxd6 Qxd6 19.gxh5 Re4 20.Bxe4 fxe4 21.Ra3 Bd4 22.hxg6
Qxg6+ 23.Kh1 Qh5 24.Rg3+ Kh8 25.e3 Qh4 26.exd4 Bxh3 {#r} 1-0

[Event "Cup Russia (open)"]
[Site "masterchessopen.com - Minsk (Belarus)"]
[Round "6"]
[White "Maiorov Nikita (BLR)"]
[Black "Smetankin Stanislav (BLR)"]
[Result "1-0"]
[WhiteElo "2352"]
[BlackElo "2443"]

1.d4 Nf6 2.c4 c5 3.d5 e6 4.Nc3 exd5 5.cxd5 d6 6.g3 g6 7.Bg2 Bg7 8.Nf3 O-O
9.O-O Re8 10.Nd2 a6 11.a4 Nbd7 12.a5 b5 13.axb6 Nxb6 14.e4 Qc7 15.Qc2 Ng4
16.h3 Ne5 17.f4 Nec4 18.Nxc4 Nxc4 19.Qa4 {#r} 1-0

[Event "It (open) (active)"]
[Site "masterchessopen.com - Rethymno (Greece)"]
[Round "11"]
[White "Zoler Dan (ISR)"]
[Black "Banikas Hristos (GRE)"]
[Result "1-0"]
[WhiteElo "2510"]
[BlackElo "2526"]

1.d4 Nf6 2.Nf3 e6 3.c4 c5 4.d5 d6 5.Nc3 exd5 6.cxd5 a6 7.a4 g6 8.g3 Bg7 9.Bg2
O-O 10.O-O Nbd7 11.Nd2 Re8 12.h3 Rb8 13.Nc4 Nb6 14.Na3 Bd7 15.e4 Nxa4 16.Nxa4
b5 17.e5 Rxe5 18.Bf4 Nh5 19.Bxe5 Bxe5 20.Nc3 b4 21.Nab1 bxc3 22.bxc3 Rb2
23.Qc1 Qb8 24.Nd2 Bb5 25.Qxb2 Bd7 26.Qc1 Bf5 27.Nc4 Qb1 28.Qxb1 Nf4 29.Qd1 Bg7
30.Na3 Bd7 31.Kh2 Nd3 32.Kg1 Nc1 33.Re1 {#r} 1-0

[Event "It (open)"]
[Site "masterchessopen.com - Rijeka (Croatia)"]
[Round "8"]
[White "Doric Darko (CRO)"]
[Black "Rukavina Josip (CRO)"]
[Result "1-0"]
[WhiteElo "2254"]
[BlackElo "2415"]

1.d4 e6 2.c4 c5 3.d5 exd5 4.cxd5 d6 5.Nc3 Nf6 6.Nf3 a6 7.a4 g6 8.g3 Bg7 9.Bg2
O-O 10.O-O Re8 11.Nd2 Nbd7 12.Nc4 Nb6 13.Nxb6 Qxb6 14.a5 Qc7 15.e4 b5 16.axb6
Qxb6 17.h3 Bd7 18.f4 Bb5 19.Re1 Nd7 20.Kh2 Rab8 21.h4 c4 22.Be3 Qd8 23.Qf3 Nf6
24.Re2 Qc8 25.Bh3 Bd7 26.f5 gxf5 27.exf5 h5 28.Rf1 Rb3 29.Rff2 Re5 30.Bd4 Ng4+
31.Bxg4 hxg4 32.Qxg4 Bxf5 33.Qg5 f6 34.Qf4 Bg4 35.Rd2 f5 36.Bxe5 Bxe5 37.Qg5+
Kh7 38.Ne4 Qh8 39.Rxf5 {#r} 1-0

[Event "It (open)"]
[Site "masterchessopen.com - Toulon (France)"]
[Round "1"]
[White "Le Flao Philippe (FRA)"]
[Black "Ionescu Doru Alexandru (ROM)"]
[Result "0-1"]
[WhiteElo "1709"]
[BlackElo "2339"]

1.d4 Nf6 2.Nf3 c5 3.d5 d6 4.c4 g6 5.Nc3 Bg7 6.g3 O-O 7.Bg2 e6 8.O-O exd5
9.cxd5 a6 10.a4 Re8 11.Nd2 Nbd7 12.Nc4 Ne5 13.Na3 Nh5 14.e4 Rb8 15.f4 Ng4
16.Bf3 f5 17.exf5 gxf5 18.h3 Nxg3 19.hxg4 fxg4 20.Bxg4 Qh4 21.Bxc8 Qh1+ 22.Kf2
Qh2+ 23.Kf3 Nxf1 24.Be6+ Rxe6 25.dxe6 Qh3+ 26.Ke2 Qg2+ 27.Kd3 d5 28.Nxd5 Qxd5+
29.Kc2 Qg2+ 30.Kb1 Ne3 31.Bxe3 Qxb2# 0-1

[Event "Ch Bulgaria"]
[Site "masterchessopen.com - Tsarevo (Bulgaria)"]
[Round "9"]
[White "Bratanov Zsivko (BUL)"]
[Black "Mladenov Svetlin (BUL)"]
[Result "0-1"]
[WhiteElo "2389"]
[BlackElo "2270"]

1.d4 Nf6 2.g3 c5 3.d5 e6 4.c4 exd5 5.cxd5 d6 6.Bg2 g6 7.Nc3 Bg7 8.Nf3 O-O
9.O-O Re8 10.Nd2 a6 11.a4 Nbd7 12.Nc4 Ne5 13.Nxe5 Rxe5 14.e4 Re8 15.h3 b6
16.f4 Ra7 17.Qd3 Rae7 18.Bd2 Qc7 19.b3 Qb8 20.Rae1 b5 21.axb5 axb5 22.Kh2 b4
23.Nd1 Qa7 24.Qc2 Ba6 25.Rh1 Bb5 26.Nf2 Nd7 27.e5 dxe5 28.f5 Nf6 29.Bg5 Qb6
30.Bxf6 Bxf6 31.Bf1 e4 32.Rxe4 Bd4 33.Bxb5 Qxb5 34.Rhe1 Bxf2 35.Rxe7 Bxe1
36.f6 Bc3 37.Qe4 Ra8 38.Qg2 Bxf6 39.d6 Rc8 40.Qb7 Qd3 41.Qc6 Be5 {#R} 0-1

[Event "It (open)"]
[Site "masterchessopen.com - Ubeda (Spain)"]
[Round "9"]
[White "Jobava Baadur (GEO)"]
[Black "Minasian Artashes (ARM)"]
[Result "1-0"]
[WhiteElo "2556"]
[BlackElo "2581"]

1.d4 g6 2.g3 Bg7 3.Bg2 c5 4.d5 d6 5.c4 Nf6 6.Nc3 O-O 7.Nf3 e6 8.O-O exd5
9.cxd5 Re8 10.Nd2 a6 11.a4 Nbd7 12.Nc4 Ne5 13.Nxe5 Rxe5 14.e4 Re8 15.Re1 Rb8
16.a5 b5 17.axb6 Rxb6 18.Qc2 Bd7 19.f3 Qb8 20.Bf1 Qb7 21.Ra2 Rb8 22.Qe2 Ra8
23.f4 Ng4 24.h3 Bd4+ 25.Kg2 Nf6 26.Kh2 Re8 27.Rxa6 Bxc3 28.Rxb6 Qxb6 29.bxc3
Rxe4 30.Qf2 Qb1 31.Be3 Qb3 32.Bg2 Re8 33.Bd2 Rxe1 34.Qxe1 Nxd5 35.f5 Bxf5
36.Bh6 Be6 37.Qa1 Qb7 38.c4 f6 39.cxd5 Bxd5 40.Qxf6 {#r} 1-0

[Event "It (open)"]
[Site "masterchessopen.com - Villa Ballester (Argentina)"]
[Round "1"]
[White "Panno Oscar (ARG)"]
[Black "Chadwick Norman (ARG)"]
[Result "1-0"]
[WhiteElo "2480"]
[BlackElo "2209"]

1.d4 Nf6 2.c4 e6 3.g3 c5 4.d5 exd5 5.cxd5 d6 6.Nc3 g6 7.Bg2 Bg7 8.Nf3 O-O
9.O-O a6 10.a4 Nbd7 11.Nd2 Re8 12.h3 h5 13.Nc4 Nb6 14.Na3 Bd7 15.Bf4 Qc7
16.Qb3 c4 17.Qc2 Rab8 18.e4 Nc8 19.a5 b5 20.axb6 Nxb6 21.Rfe1 Na8 22.Qd2 Bb5
23.e5 dxe5 24.d6 Qc5 25.Be3 Qc8 26.Naxb5 axb5 27.Ba7 Rb7 28.Bxb7 Qxb7 29.Bc5
Qc8 30.d7 Qxd7 31.Qxd7 Nxd7 32.Bd6 Nab6 33.Ra5 Re6 34.Ba3 Nc8 35.Rxb5 Nd6
36.Rd5 Bf8 37.Red1 Nb6 38.Rxd6 {#r} 1-0

[Event "It (open)"]
[Site "masterchessopen.com - Wijk aan Zee (Netherlands)"]
[Round "7"]
[White "De Roda Husman Juan (NED)"]
[Black "Li Shilong (CHN)"]
[Result "0-1"]
[WhiteElo "2297"]
[BlackElo "2504"]

1.d4 Nf6 2.c4 e6 3.g3 c5 4.d5 exd5 5.cxd5 d6 6.Nc3 g6 7.Bg2 Bg7 8.Nf3 O-O
9.O-O Re8 10.Nd2 a6 11.a4 Nbd7 12.Qb3 Ne5 13.f4 Neg4 14.Nc4 Nh5 15.e3 Bf5
16.Bd2 Bd3 17.Rfe1 Rb8 18.Nb6 Nxf4 19.gxf4 Qh4 20.h3 Qf2+ 21.Kh1 Bxc3 22.hxg4
Bxd2 23.Qxd3 Bxe1 24.Nd7 Qh4+ 25.Kg1 Bf2+ 26.Kf1 Bxe3 27.Qc2 Rbd8 {#R} 0-1

[Event "Ch Georgia"]
[Site "masterchessopen.com - Tbilisi (Georgia)"]
[Round "2"]
[White "Pantsulaia Levan (GEO)"]
[Black "Jobava Baadur (GEO)"]
[Result "0-1"]
[WhiteElo "2375"]
[BlackElo "2556"]

1.d4 Nf6 2.c4 g6 3.Nc3 Bg7 4.Nf3 O-O 5.g3 d6 6.Bg2 c5 7.d5 e6 8.O-O exd5
9.cxd5 a6 10.a4 Nbd7 11.Nd2 Re8 12.h3 Rb8 13.Rb1 Qc7 14.Re1 b5 15.axb5 axb5
16.b4 cxb4 17.Na2 Nc5 18.Nxb4 Bf5 19.Ra1 Qd7 20.Nc6 Rb7 21.g4 Be4 22.Nxe4
Nfxe4 23.Be3 b4 24.Bd4 Bxd4 25.Nxd4 b3 26.Bxe4 b2 27.Bf3 bxa1=Q 28.Qxa1 Ra7
29.Qc3 Ra2 30.Rb1 Qe7 31.Kg2 Qf6 32.Rb6 {#R} 0-1

[Event "It (open)"]
[Site "masterchessopen.com - San Martino di Castrozza (Italy)"]
[Date "2001.07.03"]
[Round "3"]
[White "Dallaglio Giovanni (ITA)"]
[Black "Iudicello Massimo (ITA)"]
[Result "0-1"]
[WhiteElo "2044"]
[BlackElo "2145"]

1.d4 Nf6 2.c4 c5 3.d5 e6 4.Nc3 exd5 5.cxd5 d6 6.Nf3 g6 7.g3 Bg7 8.Bg2 O-O
9.O-O a6 10.a4 Nbd7 11.Nd2 Re8 12.Nc4 Ne5 13.Na3 Nh5 14.f4 Ng4 15.Nc4 Bd4+
16.e3 Nxe3 17.Nxe3 Bxe3+ 18.Bxe3 Rxe3 19.Qd2 Re8 20.h3 Nxg3 21.Rfe1 Bf5 22.Kh2
Nh5 23.Rxe8+ Qxe8 24.Re1 Qd7 25.Ne4 Bxe4 26.Rxe4 Re8 27.Rxe8+ Qxe8 28.a5 Qa4
29.f5 Qf4+ 30.Qxf4 Nxf4 31.fxg6 fxg6 32.Bf3 c4 33.Bg4 Nd3 {#R} 0-1

[Event "Ch Ukraine (team)"]
[Site "masterchessopen.com - Alushta (Ukraine)"]
[Round "1"]
[White "Ushenina Anna (UKR)"]
[Black "Romanishin Oleg M (UKR)"]
[Result "0-1"]
[WhiteElo "2291"]
[BlackElo "2543"]

1.d4 Nf6 2.c4 e6 3.g3 c5 4.d5 exd5 5.cxd5 d6 6.Nc3 g6 7.Bg2 Bg7 8.Nf3 O-O
9.O-O Re8 10.Nd2 Nbd7 11.a4 a6 12.Nc4 Nb6 13.Na3 Bf5 14.f3 Bd7 15.e4 Rb8
16.Bg5 Nc8 17.Qd3 h6 18.Be3 h5 19.Rab1 h4 20.g4 b5 21.axb5 axb5 22.Naxb5 Bxb5
23.Nxb5 Nxd5 24.exd5 c4 25.Qxc4 Rxe3 26.Kh1 Qb6 27.Na3 Ne7 28.Nc2 Rb3 29.Rfe1
Rc8 30.Qe4 Rc7 31.Ne3 Rb4 32.Qd3 Qd4 33.Qa6 Qb6 34.Qa8+ Rc8 35.Qa3 Rb3 36.Qa4
Rxe3 37.Qd7 Rf8 38.Rxe3 Qxe3 39.Qxd6 h3 40.Bxh3 Qxf3+ 41.Bg2 Qd3 42.Re1 Nc8
43.Qc7 Qd2 44.Rb1 Bxb2 45.h3 Ba3 {#R} 0-1

[Event "Ch Europe"]
[Site "masterchessopen.com - Batumi (Georgia)"]
[Round "2"]
[White "Citak Selim (TUR)"]
[Black "Marin Mihail (ROM)"]
[Result "0-1"]
[WhiteElo "2122"]
[BlackElo "2566"]

1.d4 Nf6 2.c4 c5 3.d5 d6 4.Nc3 g6 5.Nf3 Bg7 6.g3 e6 7.Bg2 exd5 8.cxd5 O-O
9.O-O Re8 10.Nd2 a6 11.a4 Nbd7 12.Nc4 Ne5 13.Nxe5 Rxe5 14.Bf4 Re8 15.a5 Nh5
16.Bd2 Bd7 17.Bf3 Nf6 18.Qb3 Rb8 19.Qc4 Bh3 20.Rfb1 Nd7 21.Bf4 Ne5 22.Bxe5
Bxe5 23.Nd1 Bf5 24.Rc1 Bd7 25.Ra3 b5 26.axb6 Rxb6 27.Qa2 Qg5 28.Rb1 Bb5 29.Nc3
Rbb8 30.h4 Qf6 31.Nxb5 axb5 32.b4 c4 33.Qc2 h5 34.Ra5 Qd8 35.Kg2 Qb6 36.Be4
Bg7 37.Bf3 Ra8 38.Rxa8 Rxa8 39.g4 hxg4 40.Bxg4 Qd4 41.f3 f5 42.Rd1 Qf6 43.Bh3
Qxh4 44.Bxf5 gxf5 45.Qxf5 Re8 46.e4 Re5 {#R} 0-1

[Event "It (cat.2) (b)"]
[Site "masterchessopen.com - Budapest (Hungary)"]
[Round "4"]
[White "Farago Sandor (HUN)"]
[Black "Cooke Eric (USA)"]
[Result "1-0"]
[WhiteElo "2334"]
[BlackElo "2210"]

1.d4 Nf6 2.c4 g6 3.Nf3 Bg7 4.g3 O-O 5.Bg2 c5 6.d5 d6 7.Nc3 e6 8.O-O exd5
9.cxd5 a6 10.a4 Re8 11.Nd2 Nbd7 12.h3 Rb8 13.a5 Nh5 14.Nc4 Ne5 15.Nb6 f5 16.e4
c4 17.Ra4 Bd7 18.Nxd7 Qxd7 19.exf5 Rbc8 20.g4 Nd3 21.gxh5 Bxc3 22.bxc3 Nxc1
23.Qxc1 Qxa4 24.hxg6 Qd7 25.Qh6 Qg7 26.gxh7+ Qxh7 27.Qxd6 {#r} 1-0

[Event "Memorial M.Najdorf (open)"]
[Site "masterchessopen.com - Buenos Aires (Argentina)"]
[Round "1"]
[White "Liascovich Lucas (ARG)"]
[Black "Ledesma Horacio (ARG)"]
[Result "1-0"]
[WhiteElo "2308"]
[BlackElo "2006"]

1.d4 Nf6 2.c4 e6 3.Nc3 c5 4.d5 exd5 5.cxd5 d6 6.Nf3 g6 7.g3 Bg7 8.Bg2 O-O
9.O-O Re8 10.Nd2 Nbd7 11.a4 a6 12.Nc4 Nb6 13.Na3 Rb8 14.a5 Na8 15.Nc4 b5
16.axb6 Nxb6 17.Na5 Bd7 18.h3 Qc8 19.Kh2 h5 20.e4 h4 21.g4 Nh7 22.f4 f5
23.exf5 gxf5 24.g5 Re7 25.Bd2 Nf8 26.Qh5 Qe8 27.Qxh4 Na4 28.Nc4 Nxc3 29.Bxc3
Bxc3 30.bxc3 Qg6 31.Rfe1 Rxe1 32.Qxe1 Bb5 33.Ne3 Re8 34.Qd2 Qg7 35.Nxf5 Qd7
36.Nh6+ Kg7 37.c4 {#r} 1-0

[Event "It"]
[Site "masterchessopen.com - Clichy (France)"]
[Round "8"]
[White "Justo Damian (ARG)"]
[Black "Daurelle Herve (FRA)"]
[Result "0-1"]
[WhiteElo "2306"]
[BlackElo "2270"]

1.d4 Nf6 2.c4 c5 3.d5 e6 4.Nc3 exd5 5.cxd5 d6 6.Nf3 g6 7.g3 Bg7 8.Bg2 O-O
9.O-O a6 10.a4 Re8 11.Nd2 Nbd7 12.Nc4 Nb6 13.Na3 Bd7 14.Bf4 Nh5 15.a5 Nxf4
16.gxf4 Nc8 17.Nc4 Bb5 18.Ne3 Bh6 19.Qb3 Na7 20.Nxb5 Nxb5 21.f5 Qh4 22.fxg6
hxg6 23.Qd3 Nd4 24.Rae1 Re7 25.Nc4 Rae8 26.e3 Bf4 27.h3 Nf5 28.Re2 Qh5 29.Rc2
Be5 30.Qd1 Qh6 31.b3 g5 32.Kh1 Nh4 33.f4 gxf4 34.exf4 Bxf4 35.Qg4+ Ng6 36.Rcf2
Re1 37.Qd7 Qh4 38.Qg4 Qxf2 {#R} 0-1

[Event "Ch England (team) 2001/02 (2 div)"]
[Site "masterchessopen.com - England"]
[Round "5"]
[White "D'Costa Lorin (ENG)"]
[Black "Quillan Gary (ENG)"]
[Result "1-0"]
[WhiteElo "2285"]
[BlackElo "2305"]

1.d4 e6 2.Nf3 Nf6 3.c4 c5 4.d5 exd5 5.cxd5 d6 6.Nc3 g6 7.g3 Bg7 8.Bg2 O-O
9.O-O Re8 10.Nd2 a6 11.a4 Nbd7 12.h3 Rb8 13.a5 b5 14.axb6 Nxb6 15.e4 Na8
16.Nc4 Rb4 17.Qd3 Nc7 18.f4 Nb5 19.Be3 Nh5 20.Kh2 f5 21.Bd2 Nd4 22.Rae1 a5
23.Nd1 Rb3 24.Bc3 fxe4 25.Bxe4 Nf6 26.Bg2 Ba6 27.Rxe8+ Qxe8 28.Nde3 Qa4 29.g4
Nd7 30.Re1 Rb8 31.Qf1 Re8 32.Ra1 Qb3 33.Rxa5 Rxe3 34.Rxa6 Re2 35.Nxd6 Qc2
36.Ra8+ Nf8 37.Nc4 Rf2 38.Ne3 Nf3+ 39.Kg3 Bf6 40.g5 Bxg5 41.fxg5 {#r} 1-0

[Event "Oberliga East B 2001/02"]
[Site "masterchessopen.com - Germany"]
[Round "5"]
[White "Stockmann Michael (GER)"]
[Black "Henrich Thomas (GER)"]
[Result "0-1"]
[WhiteElo "2182"]
[BlackElo "2129"]

1.d4 Nf6 2.g3 c5 3.d5 e6 4.c4 exd5 5.cxd5 d6 6.Nc3 g6 7.Nf3 Bg7 8.Bg2 O-O
9.O-O Re8 10.Nd2 a6 11.a4 Nbd7 12.Nc4 Ne5 13.Na3 Rb8 14.h3 h6 15.Qb3 g5 16.Bd2
Nh5 17.e4 Bxh3 18.f4 Bxg2 19.Kxg2 gxf4 20.gxf4 Qh4 21.Ne2 Qg4+ 22.Kf2 Qh4+
23.Kg2 Ng4 24.Be1 Qh2+ 25.Kf3 Qh3+ 26.Bg3 f5 27.e5 dxe5 28.d6+ Kh7 29.fxe5
Nh2+ 30.Kf2 Rxe5 {#R} 0-1

[Event "Cup European Club (final)"]
[Site "masterchessopen.com - Halkidiki (Greece)"]
[Round "6"]
[White "Davies Peter (WLS)"]
[Black "Dardha Arben (ALB)"]
[Result "0-1"]
[WhiteElo "2042"]
[BlackElo "2260"]

1.d4 Nf6 2.g3 g6 3.Bg2 Bg7 4.Nf3 O-O 5.O-O c5 6.d5 d6 7.c4 e6 8.Nc3 exd5
9.cxd5 a6 10.a4 Re8 11.Nd2 Nbd7 12.h3 Rb8 13.Nc4 Nb6 14.Nxb6 Qxb6 15.Qc2 Qc7
16.a5 b5 17.axb6 Rxb6 18.e4 Bd7 19.Re1 Reb8 20.Nd1 Ne8 21.Ra2 Rb3 22.Ne3 a5
23.Nc4 a4 24.Bf4 Bb5 25.e5 Bxc4 26.exd6 Qa5 27.Re7 Qd8 28.Qxc4 Nxd6 29.Bxd6
Qxd6 30.Re2 R3b4 31.Qc2 Bd4 32.Kh2 Qd7 33.Qc1 h5 34.h4 Qd6 35.Qd1 Qa6 36.Qf1
Qf6 37.Qd1 Bxf2 38.Rxa4 Bxg3+ 39.Kxg3 Qf4+ {#R} 0-1

[Event "It (open) (juniors)"]
[Site "masterchessopen.com - Hallsberg (Sweden)"]
[Round "6"]
[White "Bodnar Ovidiu (ROM)"]
[Black "Olsson Linus (SWE)"]
[Result "0-1"]
[WhiteElo "2171"]
[BlackElo "2295"]

1.d4 Nf6 2.c4 c5 3.d5 e6 4.Nc3 exd5 5.cxd5 d6 6.Nf3 g6 7.g3 Bg7 8.Bg2 O-O
9.O-O a6 10.a4 Re8 11.Nd2 Nbd7 12.Nc4 Nb6 13.Na3 Bd7 14.Qc2 Qc7 15.Bd2 Nxa4
16.Nxa4 b5 17.Nc3 b4 18.e4 bxc3 19.Bxc3 Rab8 20.Rfe1 Bb5 21.f4 Nd7 22.Bxg7
Kxg7 23.Bf1 Kg8 24.Qc3 Bxf1 25.Kxf1 Rb4 26.Nc4 Nb6 27.Nd2 Qd7 28.b3 Qb5+
29.Kg2 a5 30.Kf3 c4 31.Reb1 cxb3 32.Rxb3 Nxd5 33.Qd3 Rxb3 34.Qxb3 Nb4 35.Nc4
Qh5+ 36.Ke3 Qxh2 37.Kf3 Nc2 38.Qa4 Rb8 39.Ra2 Ne1+ {#R} 0-1

[Event "Match \"]
[Site "masterchessopen.com - Istanbul (Turkey)"]
[Round "10"]
[White "Laciner Kerem (TUR)"]
[Black "Simeonov Stefan (BUL)"]
[Result "1-0"]
[WhiteElo "2204"]
[BlackElo "2375"]

1.d4 Nf6 2.c4 c5 3.d5 e6 4.Nc3 exd5 5.cxd5 d6 6.Nf3 g6 7.g3 Bg7 8.Bg2 O-O
9.O-O Re8 10.Nd2 a6 11.a4 Nbd7 12.h3 Rb8 13.Nc4 Ne5 14.Na3 Nh5 15.e4 f5
16.exf5 Bxf5 17.g4 Bxg4 18.hxg4 Qh4 19.gxh5 Ng4 20.Bf4 Bd4 21.Qf3 g5 22.Qg3
Nxf2 23.Rxf2 Qxf4 24.Qxf4 gxf4 25.Nc2 Bxf2+ 26.Kxf2 Re5 27.Bf3 Kf8 28.Na3 Re3
29.Nc4 Rd3 30.Ke2 {#r} 1-0

[Event "It (cat.1)"]
[Site "masterchessopen.com - Lisbon (Portugal)"]
[Round "7"]
[White "Luyks Marinus (POR)"]
[Black "Pinheiro Jose (POR)"]
[Result "0-1"]
[WhiteElo "2177"]
[BlackElo "2321"]

1.d4 Nf6 2.c4 e6 3.g3 c5 4.d5 exd5 5.cxd5 d6 6.Bg2 g6 7.Nc3 Bg7 8.Nf3 O-O
9.O-O Re8 10.Nd2 a6 11.a4 Nbd7 12.h3 Rb8 13.Nc4 Ne5 14.Na3 Nh5 15.e4 Bd7 16.a5
Qxa5 17.g4 b5 18.gxh5 b4 19.Nc2 Qd8 20.Ne2 Qh4 21.Bf4 Qxh5 22.Nc1 Qh4 23.Bg3
Qd8 24.Bxe5 Bxe5 25.Nd3 Bg7 26.Rxa6 Bb5 27.Rc6 Ra8 28.b3 Ra2 29.Re1 Bc3 30.Rf1
h5 31.f4 Qf6 32.Rf2 Bd4 33.Nxd4 Qxd4 34.Qf3 Bxd3 35.e5 h4 36.f5 Rxe5 37.Rc8+
Kh7 38.fxg6+ Bxg6 {#R} 0-1

[Event "It (open)"]
[Site "masterchessopen.com - Ljubljana (Slovenia)"]
[Round "3"]
[White "Rodman Franc (SLO)"]
[Black "Mohr Georg (SLO)"]
[Result "0-1"]
[WhiteElo "2200"]
[BlackElo "2480"]

1.d4 Nf6 2.c4 g6 3.g3 c5 4.d5 Bg7 5.Bg2 O-O 6.Nc3 d6 7.Nf3 e6 8.O-O exd5
9.cxd5 Re8 10.Nd2 a6 11.a4 Nbd7 12.Nc4 Ne5 13.Na3 Nh5 14.Bd2 Rb8 15.Rb1 Bf5
16.e4 Bd7 17.f4 Ng4 18.Bf3 f5 19.Bxg4 fxg4 20.Nc4 Bd4+ 21.Kg2 Qe7 22.Re1 b5
23.axb5 axb5 24.Na5 b4 25.Na4 Nf6 26.Nc6 Bxc6 27.dxc6 Qc7 {#R} 0-1

[Event "Ch Australia"]
[Site "masterchessopen.com - Melbourne (Australia)"]
[Round "4"]
[White "Wright Ian (AUS)"]
[Black "Wallace John Paul (AUS)"]
[Result "0-1"]
[WhiteElo "2152"]
[BlackElo "2386"]

1.d4 Nf6 2.c4 e6 3.Nc3 c5 4.d5 exd5 5.cxd5 d6 6.g3 g6 7.Bg2 Bg7 8.Nf3 O-O
9.O-O a6 10.a4 Re8 11.Nd2 Nbd7 12.Nc4 Nb6 13.Nxb6 Qxb6 14.a5 Qc7 15.e4 Bd7
16.Re1 Ng4 17.Qc2 c4 18.h3 Ne5 19.Be3 h5 20.f4 Nd3 21.Rf1 Qd8 22.Bb6 Qe7 23.b3
Rac8 24.Rab1 cxb3 25.Rxb3 Ba4 26.Qxd3 Bxb3 27.Ne2 Bc2 28.Qd2 Bxe4 29.Bxe4 Qxe4
{#R} 0-1

[Event "It (cat.8)"]
[Site "masterchessopen.com - Mondariz (Spain)"]
[Round "2"]
[White "Movsziszian Karen (ARM)"]
[Black "Cheparinov Ivan (BUL)"]
[Result "1-0"]
[WhiteElo "2500"]
[BlackElo "2478"]

{ } 1.d4 Nf6 2.c4 e6 3.Nf3 c5 4.d5 exd5 5.cxd5 d6 6.Nc3 g6 7.g3 Bg7 8.Bg2 O-O
9.O-O Re8 10.Nd2 a6 11.a4 Nbd7 12.h3 Rb8 13.Nc4 Nb6 14.Na3 Bd7 15.a5 Nc8
16.Nc4 Bb5 { = } 17.Qb3 Bxc4 18.Qxc4 Nd7 19.Ra3 { +0,36 CAP } ( 19.Bd2 Ne5
20.Qa4 b5 21.axb6 Nxb6 22.Qc2 Nbc4 23.Bc1 Na5 24.Ra2 Nec4 25.Ne4 Rb4 26.Bg5 f6
27.Bf4 Nb3 28.Rd1 g5 { ...1-0, Van Der Vliet Fred(2395) - Vogel Jaap(2325),
Leeuwarden 1980 Ch Netherlands } ) ( 19.Qd3 Qc7 20.Qc2 Na7 21.Ra2 b5 22.axb6
Qxb6 23.Ne4 Nb5 24.e3 Qb7 25.Nd2 Nb6 26.Nb3 Ra8 27.Bd2 Qc8 28.Ba5 Nd7 {
...1-0, Mikhalevski Victor(2532) - Ribshtein Nati(2317), Israel 2000 Ch Israel
(team) } ) 19...Qe7 { N } ( 19...Ne5 20.Qa2 Na7 21.f4 Nd7 22.Qc4 Qc8 23.e4 (
23.e3 b5 24.axb6 Rxb6 25.Na4 Rb4 26.Qc2 f5 27.g4 fxg4 28.hxg4 Nb5 29.Rd3 {
...0-1, Bauk Slavko(2295) - Martin Milan, Internet 2001 Tournament (IECG) } )
23...b5 24.axb6 Rxb6 25.Ra5 Nb5 26.Bd2 Nd4 27.Na4 Rb5 28.Bc3 Qb7 29.Rf2 {
...0-1, Kovacevic Vladimir(2240) - Ilic Zoran(2430), Yugoslavia 1980 Ch
Yugoslavia ...0-1, Kovacevic Vladimir(2240) - Ilic Zoran(2430), Yugoslavia
1980 } ) ( 19...Ne7 20.Qa2 Nf5 21.e3 Ne5 22.Rd1 Qc7 23.Ra4 Rec8 24.Kh2 h5
25.Nb1 c4 26.e4 Nh6 27.Be3 h4 28.gxh4 Qe7 29.Bg5 { ...0-1, Rubinetti
Jorge(2430) - Gheorghiu Florin(2540), Buenos Aires 1979 It (cat.11) } ) 20.e4
Ne5 21.Qe2 c4 { } ( 21...Ra8 { !? } 22.Be3 b5 23.axb6 Nxb6 { } ) 22.Be3 Nd3
23.b3 Bxc3 24.bxc4 Nxf2 { } ( 24...Ne1 { !? } 25.Rxc3 Nxg2 26.Kxg2 Qxe4+ { } )
25.Qxf2 Be5 26.h4 { } ( 26.Bg5 { !? } 26...Qc7 27.Rf3 Rf8 28.Bh6 { } )
26...Qc7 27.h5 f6 28.Bd4 Qxc4 { ? } ( 28...f5 { !? } 29.exf5 gxf5 30.Rf3 Bxd4
{ } ) 29.Bxe5 Rxe5 30.Qxf6 Qc5+ 31.Rf2 Ne7 32.h6 Qc1+ 33.Bf1 Qxh6 34.Qxd6 { }
{#r} 1-0